<?xml version="1.0" encoding="UTF-8"?>
<record
    xmlns:xsi="http://www.w3.org/2001/XMLSchema-instance"
    xsi:schemaLocation="http://www.loc.gov/MARC21/slim http://www.loc.gov/standards/marcxml/schema/MARC21slim.xsd"
    xmlns="http://www.loc.gov/MARC21/slim">

  <leader>00868nam a2200265 a 4500</leader>
  <controlfield tag="001">58428</controlfield>
  <controlfield tag="003">BD-RJUL </controlfield>
  <controlfield tag="005">20211209080623.0</controlfield>
  <controlfield tag="008">161218s1968    enk      b    000 0 eng d</controlfield>
  <datafield tag="020" ind1=" " ind2=" ">
    <subfield code="a">0434912603</subfield>
  </datafield>
  <datafield tag="035" ind1=" " ind2=" ">
    <subfield code="a">BD-RJUL 58552</subfield>
  </datafield>
  <datafield tag="040" ind1=" " ind2=" ">
    <subfield code="a">DLC</subfield>
    <subfield code="c">DLC</subfield>
    <subfield code="d">UKM</subfield>
    <subfield code="d">EQO</subfield>
    <subfield code="b">eng</subfield>
  </datafield>
  <datafield tag="041" ind1=" " ind2=" ">
    <subfield code="a">eng</subfield>
  </datafield>
  <datafield tag="082" ind1=" " ind2=" ">
    <subfield code="a">331</subfield>
    <subfield code="2">23 </subfield>
    <subfield code="b">MOI 1968 </subfield>
  </datafield>
  <datafield tag="100" ind1="1" ind2=" ">
    <subfield code="a">Mortimer, J. E.</subfield>
    <subfield code="q">(James Edward),</subfield>
    <subfield code="d">1921-2013.</subfield>
    <subfield code="9">173539</subfield>
  </datafield>
  <datafield tag="245" ind1="1" ind2="0">
    <subfield code="a">Industrial relations /</subfield>
    <subfield code="c">[by] J. E. Mortimer</subfield>
  </datafield>
  <datafield tag="260" ind1=" " ind2=" ">
    <subfield code="a">London :</subfield>
    <subfield code="b">Published in association with the Institute of Supervisory Management [by] Heinemann,</subfield>
    <subfield code="c">1968</subfield>
  </datafield>
  <datafield tag="300" ind1=" " ind2=" ">
    <subfield code="a">[11], 114 p. ; </subfield>
    <subfield code="c">23 cm</subfield>
  </datafield>
  <datafield tag="490" ind1="1" ind2=" ">
    <subfield code="a">The Supervisor's bookshelf</subfield>
  </datafield>
  <datafield tag="650" ind1=" " ind2="0">
    <subfield code="a">Industrial relations</subfield>
    <subfield code="9">172462</subfield>
  </datafield>
  <datafield tag="710" ind1="2" ind2=" ">
    <subfield code="a">Institute of Supervisory Management.</subfield>
    <subfield code="9">173540</subfield>
  </datafield>
  <datafield tag="830" ind1=" " ind2="4">
    <subfield code="a">The Supervisor's bookshelf</subfield>
    <subfield code="9">173541</subfield>
  </datafield>
  <datafield tag="942" ind1=" " ind2=" ">
    <subfield code="2">ddc</subfield>
    <subfield code="c">BK</subfield>
  </datafield>
  <datafield tag="999" ind1=" " ind2=" ">
    <subfield code="c">58428</subfield>
    <subfield code="d">58428</subfield>
  </datafield>
  <datafield tag="952" ind1=" " ind2=" ">
    <subfield code="0">0</subfield>
    <subfield code="1">0</subfield>
    <subfield code="2">ddc</subfield>
    <subfield code="4">0</subfield>
    <subfield code="7">1</subfield>
    <subfield code="8">NFIC</subfield>
    <subfield code="a">RUCL</subfield>
    <subfield code="b">RUCL</subfield>
    <subfield code="c">Reading</subfield>
    <subfield code="d">1973-07-05</subfield>
    <subfield code="e">Oxford University Press</subfield>
    <subfield code="g">13.75</subfield>
    <subfield code="l">0</subfield>
    <subfield code="o">331 MOI 1968</subfield>
    <subfield code="r">2016-12-18 00:00:00</subfield>
    <subfield code="t">C-1</subfield>
    <subfield code="w">2016-12-18</subfield>
    <subfield code="y">BK</subfield>
  </datafield>
</record>
